عرض عادي عرض مارك
  • Walker, Carol L.,

مدخل إسم شخص

عدد التسجيلات المستخدمة في: 1

001 - رقم الضبط

  • حقل الضبط: 40581

003 - معرف رقم الضبط

  • حقل الضبط: OSt

005 - تاريخ ووقت أخر عملية

  • حقل الضبط: 20131118181441.0

008 - عناصر بيانات ثابتة الطول

  • حقل تحكم ثابت الطول: 131118|||a|||||| | ||| d

040 ## - مصدر الفهرسة

  • هيئة الفهرسة الأصلية: OSt
  • وكالة الكتابة: OSt

100 ## - مدخل -- أسم شخص

  • إسم شخص: Walker, Carol L.,
  • تواريخ مرتبطة بالاسم: 1935-

670 ## - بيانات المصدر موجوده

  • الاستشهاد بالمصدر: Work cat.: (OSt)0: Hardy, Darel W. 40579, Applied algebra :, c2009.